000 00723nam a2200229 a 4500
005 20230318063617.0
008 991125s2000 es 000 0 spa u
020 _a8475090206
035 _aUPN01000131033
049 _aCG
050 4 _aHM131
_bB5.38b
100 1 _aBion, Wilfred R.
_d1897-1979
_q(Wilfred Ruprecht),
_931674
245 1 0 _aExperiencias en grupos /
_cW. R. Bion ; tr. Angel Nebbia.
260 _aBarcelona, Esp. :
_bPaidós,
_c2000.
300 _a155 p.
440 0 _aGrupos e instituciones ;
_v4
534 _pTraducción de:
_tExperiences in groups and other papers
650 2 _aGrupos sociales
_97125
650 2 _aPsicoterapia de grupo
_96709
650 4 _aTERAPIA GRUPAL
_914830
905 _aLibro
999 _c103188
_d103188